[Event "CAN-ch U14"]
[Site "Sault Ste Marie"]
[Date "2017.07.08"]
[Round "5.44"]
[White "Xu, William1111"]
[Black "Laird, Alexander"]
[Result "1-0"]
[WhiteElo "1101"]
[BlackElo "1283"]
[PlyCount "156"]
[EventDate "2017.07.06"]
[EventType "swiss"]
[EventRounds "7"]
[EventCountry "CAN"]
[SourceTitle "EXT 2022"]
[Source "ChessBase"]
[SourceDate "2021.10.06"]
[SourceVersion "1"]
[SourceVersionDate "2021.10.06"]
[SourceQuality "1"]

1. e4 e6 2. d4 d5 3. f3 c5 4. Bb5+ Bd7 5. Bxd7+ Nxd7 6. Ne2 Qb6 7. Nbc3 dxe4 8. Nxe4 Ngf6 9. Nxf6+ Nxf6 10. c3 Rd8 11. Qa4+ Nd7 12. 0-0 g6 13. Rb1 Bg7 14. dxc5 Qxc5+ 15. Kh1 0-0 16. Bf4 e5 17. Bg5 f6 18. Bh4 b5 19. Qb3+ Kh8 20. Rbd1 g5 21. Bf2 Qc7 22. Qxb5 e4 23. Bg3 Ne5 24. fxe4 Qe7 25. Bxe5 Rxd1 26. Rxd1 fxe5 27. Ng3 Qf7 28. Nf5 Qh5 29. Re1 Rd8 30. h3 g4 31. Nxg7 Kxg7 32. Qe2 Qh4 33. Qxg4+ Qxg4 34. hxg4 Rd2 35. Rb1 a5 36. c4 Rc2 37. b3 Rxa2 38. b4 axb4 39. Rxb4 Rc2 40. Kh2 Rc3 41. g3 Kf6 42. Kh3 Rc2 43. Rb6+ Kg5 44. Rc6 h5 45. gxh5 Kxh5 46. Rc5 Kg6 47. Rxe5 Rxc4 48. Kg4 Rc6 49. Kf4 Rf6+ 50. Rf5 Rc6 51. g4 Rc4 52. Rd5 Kf6 53. g5+ Ke6 54. Re5+ Kf7 55. Kf5 Rc1 56. g6+ Kg8 57. Kf6 Rf1+ 58. Rf5 Rg1 59. e5 Rb1 60. e6 Rb6 61. Rd5 Rb8 62. Rd6 Rf8+ 63. Kg5 Re8 64. Kh6 Kh8 65. g7+ Kg8 66. Rc6 Rb8 67. e7 Kf7 68. Kh7 Kxe7 69. g8Q Rxg8 70. Kxg8 Kd7 71. Rh6 Ke7 72. Kg7 Kd7 73. Rf6 Ke7 74. Kg6 Kd7 75. Kf5 Ke7 76. Ke5 Kd7 77. Re6 Kc7 78. Kd5 Kb7 1-0